=LDR 00000nam 2200000 4500 =001 INLIS000000000006027 =005 20251031081236 =035 ##$$a 0010-1025001082 =007 ta =008 251031###########################0#ind## =082 ##$$a 363.960 =084 ##$$a 363.960 PA r =100 #$$a Pat Badrum =245 1#$$a RINGKASAN ANALISA LAPORAN HASIL PENELITIAN PROSPEK PENGEMBANGAN SYARAF DALAM PROSES ALIH PERAN KB MANDIRI DI SULAWESI SELATAN /$c Badan Koordinasi Keluarga Berencana Nasional =260 ##$$a SULAWESI SELATAN :$b Badan Koordinasi Keluarga Berencana Nasional,$c 1993 =300 ##$$a 10 hal : $b ilus ; $c 21 =650 #4$$a Keluarga Berencana =856 ##$$a Perpustakaan Kemendukbangga